|
|
|
|
| LEADER |
01189nam a2200289 a 4500 |
| 001 |
14850789 |
| 008 |
100328s2007 cc a 001 0 eng d |
| 010 |
|
|
|a 2007274954
|
| 020 |
|
|
|a 9788184042757
|
| 020 |
|
|
|a 0596527039
|
| 020 |
|
|
|a 9780596527037
|
| 040 |
|
|
|a TEF
|c TEF
|d BAKER
|d YDXCP
|d BTCTA
|d DLC
|d DB-DhAAL
|
| 082 |
0 |
4 |
|a 005.1
|2 22
|
| 100 |
1 |
|
|a Vesperman, Jennifer.
|
| 245 |
1 |
0 |
|a Essential CVS /
|c Jennifer Vesperman.
|
| 250 |
|
|
|a 2nd ed.
|
| 260 |
|
|
|a Beijing ;
|a Cambridge :
|b O'Reilly,
|c c2007.
|
| 300 |
|
|
|a xviii, 407 p. :
|b ill. ;
|c 24 cm.
|
| 504 |
|
|
|a Includes index.
|
| 541 |
1 |
|
|e 00017098
|
| 650 |
|
0 |
|a Computer software
|x Development.
|
| 650 |
|
0 |
|a Database management.
|
| 630 |
0 |
0 |
|a CVS.
|
| 852 |
4 |
|
|a Ayesha Abed Library
|j General Shelf.
|
| 999 |
|
|
|c 7890
|d 7890
|
| 952 |
|
|
|0 0
|1 0
|2 ddc
|4 0
|6 005_100000000000000_VES
|7 0
|9 13413
|a BRACUL
|b BRACUL
|c GEN
|d 2010-12-05
|e D. S. Books International
|l 0
|o 005.1 VES
|p 3010017907
|r 2010-12-05
|t 1
|w 2010-12-05
|y BK
|x Koha Inventory 2020 ; USD 17.00
|
| 952 |
|
|
|0 0
|1 0
|2 ddc
|4 0
|6 005_100000000000000_VES_2007
|7 0
|9 16099
|a BRACUL
|b BRACUL
|c GEN
|d 2011-04-17
|e D. S. Books International
|l 1
|o 005.1 VES
|p 3010017908
|r 2016-06-05
|s 2016-06-05
|t 2
|w 2011-04-17
|y BK
|x USD 17.00
|